000 00669nam a2200253 a 4500
003 AR-BaBNM
005 20251128202747.0
008 082120s2002 ||||||||||||||000 | spa||
040 _cAR-BaBNM
100 1 _aLonardi, Marta
245 0 0 _aMi padre y la revolución del 55
250 _a2ª ed.
260 _aBuenos Aires
_bCuenca del Plata
_c1980
300 _a306 p.
_bmapas
600 1 4 _aLonardi, Eduardo
_d1955
650 4 _aREVOLUCION DE SETIEMBRE DE 1955
650 4 _aQUEMA DE IGLESIAS
650 4 _aPRESIDENCIAS ARGENTINAS
650 4 _aHISTORIA POLITICA
650 4 _aHISTORIA SOCIAL
650 4 _aHISTORIA MILITAR
942 _cBK
998 _cMariana
999 _c446
_d446